| 000 | 00753cab a2200253 4500 | ||
|---|---|---|---|
| 001 | ABS58500 | ||
| 008 | 090401t1998 xxu||||| |||| 00| 0 eng d | ||
| 035 | _a(Sirsi) u84748 | ||
| 041 | _aeng | ||
| 100 | _aGronow, S. | ||
| 245 | _aContaminated land - the inevitability of an explicit appraisal model | ||
| 260 | _c1998 | ||
| 350 | _a0 | ||
| 490 |
_aProperty Management _v16(1) 1998, 24-32 (9) |
||
| 520 | _aThe reasons for the development of explicit methods of appraisal are outlined with examples. References. | ||
| 650 | _aCONTAMINATED LAND | ||
| 650 | _aDCF | ||
| 650 | _aDISCOUNTED CASH FLOW | ||
| 650 | _aEXPLICIT VALUATION | ||
| 650 | _aVALUATION METHODS | ||
| 690 | _aRATING AND VALUATION | ||
| 942 | _n0 | ||
| 948 | _c09/03/1998 | ||
| 999 |
_c53297 _d53297 |
||